000 00965nam a22002297a 4500
999 _c1202
_d1202
005 20221103155602.0
008 221103b ||||| |||| 00| 0 eng d
020 _a9781510421783
040 _cKH8
082 _a510 GOL
100 _aGoldie, Sophie
_eAuthor
245 _aFurther Mathematics:
_bfurther pure mathematics 1/
_cSophie Goldie; Rose Jewell.
260 _aLondon:
_bHodder Education,
_c2018
300 _a1 volume ;
_c25 cm.
440 _aCambridge international AS and A level further mathematics
520 _aEndorsed by Cambridge Assessment International Education to provide full support for Paper 1 of the syllabus for examination from 2020. Take mathematical understanding to the next level with this accessible series, written by experienced authors, examiners, and teachers
546 _aEnglish
650 _a Mathematics -- Textbooks
700 _aJewell, Rose
_eAuthor
700 _aPorkess, Roger
_eSeries editor
942 _2ddc
_cTR